Photographic color paper from Japan and West Germany

Gorde:
Xehetasun bibliografikoak
Formatua: Liburua
Hizkuntza:Undetermined
Argitaratua: Washington United States International Trade Commission 1978
Gaiak:
Etiketak: Etiketa erantsi
Etiketarik gabe, Izan zaitez lehena erregistro honi etiketa jartzen!
Thư viện lưu trữ: Trung tâm Học liệu Trường Đại học Cần Thơ
LEADER 00569nam a2200193Ia 4500
001 CTU_96694
008 210402s9999 xx 000 0 und d
082 |a 338.4 
082 |b P575 
245 0 |a Photographic color paper from Japan and West Germany 
245 0 |c United States International Trade Commission 
260 |a Washington 
260 |b United States International Trade Commission 
260 |c 1978 
650 |a Paper industry 
650 |x Periodicals 
650 |z Japan 
904 |i Giang 
980 |a Trung tâm Học liệu Trường Đại học Cần Thơ